| 000 | 01257cam a2200337 a 4500 | ||
|---|---|---|---|
| 001 | 16578358 | ||
| 005 | 20260601154923.0 | ||
| 008 | 101214s2008 enk b 001 0 eng | ||
| 010 | _a 2010485946 | ||
| 020 | _a9788190366489 (pbk.) | ||
| 020 | _a8190366483 (pbk.) | ||
| 035 | _a16578358 | ||
| 040 |
_aDLC _cDLC |
||
| 042 | _apcc | ||
| 043 | _ae-uk--- | ||
| 082 | _a346.066 GOW | ||
| 100 | 1 | _aDavies, P. L. | |
| 245 | 1 | 0 |
_aGower and Davies' principles of modern company law / _cPaul L. Davies. |
| 250 | _a8th ed. | ||
| 260 |
_aLondon : _bSweet & Maxwell, _c2012. |
||
| 300 |
_acii, 1258 p. ; _c24 cm. |
||
| 365 | _bRs. 1050 | ||
| 504 | _aIncludes bibliographical references and index. | ||
| 505 | 0 | _a1. Introductory; 2. Separate legal personality and limited liability; 3. Corporate governance : the board and shareholders; 4. Corporate governance : majority and minority shareholders; 5. Account and audit’ 6. Equity finance; 7. Debt finance. | |
| 650 | 0 |
_aCorporation law _zGreat Britain. |
|
| 700 | 1 | _aGower, L. C. B. | |
| 906 |
_a7 _bcbc _corigcop _d2 _encip _f20 _gy-gencatlg |
||
| 942 |
_2ddc _cBK |
||
| 999 |
_c31074 _d31074 |
||